| 000 | 00646nam a22002057a 4500 | ||
|---|---|---|---|
| 003 | OSt | ||
| 005 | 20230712111114.0 | ||
| 008 | 221006b |||||||| |||| 00| 0 eng d | ||
| 040 | _cBiblioteca Lado V | ||
| 082 |
_a306.4 _bR511r |
||
| 100 |
_9889 _aRichard, Nelly _edirector |
||
| 245 | _aRevista de Critica Cultural/ | ||
| 260 |
_c1994 _bFundación Principe Claus _aChile |
||
| 300 |
_c24x34cm _a69p. |
||
| 490 |
_v1994 _a9 |
||
| 650 |
_2Tesauro de Arte & Arquitectura _aARTE |
||
| 650 |
_2Tesauro de Arte & Arquitectura _aCRITICA |
||
| 650 |
_2Tesauro de Arte & Arquitectura _aCULTURA |
||
| 942 |
_2ddc _c1 _h306.4 _iR511r _n0 |
||
| 999 |
_c4031 _d4031 |
||